000 00386nam a2200145Ia 4500
008 230917s9999||||xx |||||||||||||| ||und||
040 _e166325
_aMAIN
041 _aEnglish
082 _a338.4791 D536H
100 _aDhar, Prem Nath
245 0 _aHeritage, culture and natural sites tourism
260 _aNew Delhi
_bKanishka Publishers
_c2010
300 _axiv, 497 p.
942 _cBK
999 _c153432
_d153432